000 01027cam a2200229 i 4500
999 _c7608
_d7608
003 OSt
005 20200316170310.0
008 180905s2017 enka f 001 0 eng
020 _a9781138244351 (pbk)
040 _aDLC
_beng
_erda
_cDLC
_dDLC
100 1 _aHall, F.
_q(Fred),
_eauthor.
245 1 0 _aBuilding services handbook /
_cFred Hall and Roger Greeno.
250 _aNinth edition.
300 _axiv, 786 pages :
_billustrations ;
_c24 cm
500 _aPrevious edition: published as by Fred Hall and Roger Greeno. 2015.
500 _aIncludes index.
520 8 _aThis handbook summarises in diagrams and brief explanations all elements of building services. It is a reference for professionals and students on advanced vocational courses and has been updated in line with the latest revised Building Regulations.
650 0 _aBuilding
_vHandbooks, manuals, etc.
650 0 _aBuildings
_xEnvironmental engineering.
650 0 _aBuildings
_xMechanical equipment
_xInstallation
_vHandbooks, manuals, etc.
942 _2ddc